000 00488nam a2200193Ia 4500
003 OSt
005 20230518093649.0
008 210210b1994 xxu||||| |||| 00| 0 eng d
040 _cAL
041 _aTulu
082 _aT894.3 KUDL
100 _aKUDKADI VISHVANATHA RAI.
_9107583
245 _aLekkesiri.
_bಲೆಕ್ಕೆ ಸಿರಿ
260 _aPutturu
_bSahakari Prakashana
_c1994
300 _avii,83
690 _aTulu Fiction
_9107584
906 _a048834
942 _2ddc
_cBK
999 _c97744
_d97744